Statistics for Country Border Chain II

Click here to take the quiz!

General Stats

  • This quiz has been taken 31 times
  • The average score is 13 of 15

Answer Stats

HintAnswer% Correct
Burma/MyanmarIndia
97%
CambodiaLaos
97%
MalaysiaThailand
97%
Papua New GuineaIndonesia
93%
LebanonIsrael
93%
EgyptLibya
93%
TurkeySyria
93%
PakistanIran
90%
AndorraFrance
87%
NigerMali
83%
SenegalMauritania
83%
MoroccoSpain
83%
SwitzerlandAustria
80%
The NetherlandBelgium
80%
Czech RepublicGermany
77%

Score Distribution

Percentile by Number Answered

Percent of People with Each Score

Your Score History

You have not taken this quiz